000 00697nam a2200241Ia 4500
003 GCL
008 140319s9999 xx 000 0 ara d
040 _aGCL /
_cGCL
082 0 4 _a347.01
_bم ا
100 1 _aمحمد كامل عبيد
245 1 0 _aاستقلال القضاء دراسة /
_cمحمد كامل عبيد
260 _a[S.N] :
_bلجنة الاعلام والدراسات المستقبلية ،
_c1991
300 _a805 ص
490 _a
650 0 4 _aالقانون
650 0 4 _aمصر
650 0 4 _aالمحامون
650 0 4 _aالمحاكم
650 0 4 _aالقضاة
650 0 4 _aالعدل
650 0 4 _aالحصانة القضائية
942 _2ddc
_cBK
999 _c55382
_d55382